Blasons de villes des Pays de la Loire - Statistiques

Statistiques générales
  • Ce quiz a été pris 21 fois
  • Le résultat moyen est 6 sur 16
Statistiques - réponses
Par images Réponse % Correct
Angers
94%
Nantes
76%
La Roche sur Yon
71%
Saint Nazaire
65%
Saumur
53%
Le Mans
47%
Laval
41%
Cholet
29%
Les Sables d'Olonne
24%
Château-Gontier
18%
Fontenay le Comte
18%
Rezé
18%
Mayenne
12%
Ernée
6%
Sablé sur Sarthe
6%
Allonnes
0%
Aucun quiz correspondant
Distribution des résultats
% des personnes avec chaque résultat
Percentile par nombre de réponses
Votre historique - résultats
Vous n’avez pas pris ce quiz